000 00443cam a2200181ua 4500
020 _c12.00
041 _aeng
_h
082 _a828.09
_bFAU/MA
100 _aFaulkner, William .
245 _aMartino and other stories /
_cWilliam Faulkner.
_hTextual Documents
250 _a1 /
_b.
260 _aLondon :
_bChatto and Windus ,
_c1958.
300 _a320 ; .
365 _a12.00
504 _a
942 _cBK
999 _c7869
_d7869